<?xml version="1.0" encoding="UTF-8"?><marc:collection xmlns:marc="http://www.loc.gov/MARC21/slim">
  <marc:record>
    <marc:leader>00000nam##2200000za#4500</marc:leader>
    <marc:controlfield tag="001">9.620751</marc:controlfield>
    <marc:controlfield tag="003">CaOODSP</marc:controlfield>
    <marc:controlfield tag="005">20200327164727</marc:controlfield>
    <marc:controlfield tag="007">ta</marc:controlfield>
    <marc:controlfield tag="008">150406|1992||||xxc|||||     f|0| 0 fre|d</marc:controlfield>
    <marc:datafield tag="020" ind1=" " ind2=" ">
      <marc:subfield code="a">0-662-98131-6</marc:subfield>
    </marc:datafield>
    <marc:datafield tag="022" ind1=" " ind2=" ">
      <marc:subfield code="a">1188-7990</marc:subfield>
    </marc:datafield>
    <marc:datafield tag="040" ind1=" " ind2=" ">
      <marc:subfield code="a">CaOODSP</marc:subfield>
      <marc:subfield code="b">fre</marc:subfield>
    </marc:datafield>
    <marc:datafield tag="043" ind1=" " ind2=" ">
      <marc:subfield code="a">n-cn---</marc:subfield>
    </marc:datafield>
    <marc:datafield tag="086" ind1="1" ind2=" ">
      <marc:subfield code="a">En1-17/4-1993F</marc:subfield>
    </marc:datafield>
    <marc:datafield tag="110" ind1="1" ind2=" ">
      <marc:subfield code="a">Canada.</marc:subfield>
      <marc:subfield code="b">Environnement Canada. </marc:subfield>
      <marc:subfield code="b">Protection de l'environnement.</marc:subfield>
    </marc:datafield>
    <marc:datafield tag="245" ind1="1" ind2="3">
      <marc:subfield code="a">La gestion des boues dans l'industrie papetière </marc:subfield>
    </marc:datafield>
    <marc:datafield tag="260" ind1=" " ind2=" ">
      <marc:subfield code="a">Montréal - Québec : </marc:subfield>
      <marc:subfield code="b">Environnement Canada. </marc:subfield>
      <marc:subfield code="c">1992.</marc:subfield>
    </marc:datafield>
    <marc:datafield tag="300" ind1=" " ind2=" ">
      <marc:subfield code="a">6p. : </marc:subfield>
      <marc:subfield code="b">figures en couleur, tableaux ; </marc:subfield>
      <marc:subfield code="c">28 cm.</marc:subfield>
    </marc:datafield>
    <marc:datafield tag="490" ind1="1" ind2=" ">
      <marc:subfield code="a">Technologies Saint-Laurent </marc:subfield>
      <marc:subfield code="x">1188-7990</marc:subfield>
    </marc:datafield>
    <marc:datafield tag="500" ind1=" " ind2=" ">
      <marc:subfield code="a">«Cette fiche a été rédigée à partir des résultats d'une étude réalisée par la firme H. A. Simons Ltée et financée par le Centre Saint-Laurent, l'Association des Industries forestières du Québec et le ministère de l'Environnement du Québec.»--Page 5. «Les objectifs étaient: évaluer l'impact des nouveaux règlements sur les quantités et les types de boues produites par l'industrie des pâtes et papiers; faire l'inventaire des méthodes alternatives à l'enfouissement pour l'élimination des boues; identifier les besoins des industries sur le plan technologique et en matière de gestion.»--Page 1.</marc:subfield>
    </marc:datafield>
    <marc:datafield tag="520" ind1="3" ind2=" ">
      <marc:subfield code="a">Cette fiche a été rédigée à partir des résultats d'une étude réalisée par la firme H. A. Simons Ltée et financée par le Centre Saint-Laurent, l'Association des Industries forestières du Québec et le ministère de l'Environnement du Québec.--Page 5 Les objectifs étaient: évaluer l'impact des nouveaux règlements sur les quantités et les types de boues produites par l'industrie des pâtes et papiers; faire l'inventaire des méthodes alternatives à l'enfouissement pour l'élimination des boues; identifier les besoins des industries sur le plan technologique et en matière de gestion.--Page 1</marc:subfield>
    </marc:datafield>
    <marc:datafield tag="563" ind1=" " ind2=" ">
      <marc:subfield code="a">Dépliant</marc:subfield>
    </marc:datafield>
    <marc:datafield tag="691" ind1="0" ind2="7">
      <marc:subfield code="a">Industrie des pâtes et papiers</marc:subfield>
      <marc:subfield code="2">gcpds</marc:subfield>
    </marc:datafield>
    <marc:datafield tag="691" ind1="0" ind2="7">
      <marc:subfield code="a">Gestion des déchets</marc:subfield>
      <marc:subfield code="2">gcpds</marc:subfield>
    </marc:datafield>
    <marc:datafield tag="775" ind1="0" ind2="8">
      <marc:subfield code="t">Sludge management in the pulp and paper industry </marc:subfield>
      <marc:subfield code="w">(CaOODSP)9.608725</marc:subfield>
    </marc:datafield>
    <marc:datafield tag="776" ind1="0" ind2="#">
      <marc:subfield code="t">Eaux usées industrielles. La gestion des boues dans l'industrie papetière </marc:subfield>
      <marc:subfield code="w">(CaOODSP)9.601812</marc:subfield>
    </marc:datafield>
    <marc:datafield tag="830" ind1="#" ind2="0">
      <marc:subfield code="a">Technologies Saint-Laurent,</marc:subfield>
      <marc:subfield code="x">1188-7990</marc:subfield>
      <marc:subfield code="w">(CaOODSP)9.512939</marc:subfield>
    </marc:datafield>
  </marc:record>
</marc:collection>
